000
00214nam a2200085Ia 4500
008
120527s9999 xx 000 0 und d
100
_a
Alken, R. Lewis
245
_a
Assessment of intellectual functioning
942
_c
BK
999
_c
27605
_d
27605